Vybrané vlastnosti tuhých častíc

Podrobná bibliografia
Hlavní autori: Longauer, Jaroslav (Autor), Sujová, Erika, 1970- (Autor)
Médium: Kniha
Jazyk:slovenčina
Fyzický popis:66 s. grafy, sch., tab. 25 cm
Vydavateľské údaje: Vo Zvolene Technická univerzita 2001
ISBN:8022810223
Edícia:Vedecké štúdie
Predmet:

MARC

LEADER 00000nam a2200000 a 4500
001 vtls001419077
003 SK-MaSNL
005 20260301072245.0
008 251117s2001 xo ap r 0yy slo
015 |a SNBA2001/11-03912 
020 |a 8022810223 
035 |a SNK000373888 
035 |a urn:nbn:sk:snk-amkn9q 
035 |a urn:nbn:sk:snk-am003vu1 
035 |a 6B4E6301-B355-4D2E-85DB-C029468311AE 
040 |a SNK  |b slo  |c SNK  |e AACR2 
041 0 |a slo 
044 |a xo  |c SK 
080 |a 531  |2 1981 
100 1 |a Longauer, Jaroslav  |4 aut  |9 376841 
245 1 0 |a Vybrané vlastnosti tuhých častíc  |c Jaroslav Longauer, Erika Sujová 
260 |a Vo Zvolene  |b Technická univerzita  |c 2001 
300 |a 66 s.  |b grafy, sch., tab.  |c 25 cm 
490 1 |a Vedecké štúdie  |v 9/2000/A 
500 |a 50 výt. 
504 |a Bibliogr. s. 64. Res. angl. a rus. 
650 0 7 |a častice tuhé  |x vlastnosti  |x štúdie  |2 SNK  |9 391390 
655 7 |a príručky  |2 SNK  |9 74364 
700 1 |a Sujová, Erika,  |d 1970-  |4 aut  |9 199040 
752 |d Zvolen 
830 0 |a Vedecké štúdie  |9 281577 
919 |a 80-228-1022-3 
958 |a TL 
958 |a NB 
999 |c 640487  |d 642417 
952 |t P60, <03>, [BOOK], {603}  |a SNK  |b SNK  |y PREZ  |7 0  |p 17A0312319  |o snkSC 105798  |i snkKSP 10038/2001  |0 0  |1 0  |4 0  |d 2001-08-23  |f 1  |l 0  |r 2025-09-26 00:00:00  |w 2026-02-23 
952 |t P60, <04>, [BOOK], {604}  |a SNK  |b SNK  |y VYP  |7 0  |p 17A0312320  |o snkSC 105798 D1  |i snkKSP 10039/2001  |0 0  |1 0  |4 0  |d 2001-08-23  |l 0  |r 2005-01-02 00:00:00  |w 2026-02-23